[Event "Coppa del Mondo FIDE 2017"]
[Site "Tbilisi"]
[Date "03.09.2017"]
[Round "1.1"]
[White "Carlsen, Magnus"]
[Black "Balogun, Oluwafemi"]
[Result "1-0"]
[WhiteTitle "GM"]
[BlackTitle "FM"]
[WhiteElo "2827"]
[BlackElo "2255"]
[WhiteFideId "1503014"]
[BlackFideId "8501246"]
[EventDate "2017.09.03"]

1. e4 d6 2. d4 g6 3. Bc4 Nf6 4. Qe2 Nc6 5. Nf3 Bg7 6. O-O Bg4 7. c3 O-O 8. h3
Bxf3 9. Qxf3 e5 10. Rd1 Qe8 11. d5 Ne7 12. Qe2 Nh5 13. Bb5 Qc8 14. Na3 a6 15.
Ba4 f5 16. Bc2 f4 17. Qg4 Qxg4 18. hxg4 Nf6 19. g5 Nd7 20. Nc4 b6 21. b4 h6 22.
gxh6 Bxh6 23. g4 Nf6 24. f3 Bg5 25. Kg2 Kg7 26. a4 Bh4 27. Bd2 g5 28. Rh1 Ng6
29. Kf1 Rh8 30. Ke2 Bg3 31. a5 b5 32. Na3 Ne7 33. c4 c6 34. dxc6 Nxc6 35. Bc3
Rxh1 36. Rxh1 bxc4 37. Nxc4 Rb8 38. Nxd6 Kg6 39. Nf5 1-0

[Event "Coppa del Mondo FIDE 2017"]
[Site "Tbilisi"]
[Date "03.09.2017"]
[Round "1.1"]
[White "Smirnov, Anton"]
[Black "Karjakin, Sergey"]
[Result "1/2-1/2"]
[WhiteTitle "IM"]
[BlackTitle "GM"]
[WhiteElo "2508"]
[BlackElo "2780"]
[WhiteFideId "3208923"]
[BlackFideId "14109603"]
[EventDate "2017.09.03"]

1. d4 Nf6 2. c4 e6 3. Nf3 d5 4. Nc3 Nbd7 5. Bf4 dxc4 6. e3 b5 7. Nxb5 Bb4+ 8.
Nc3 Nd5 9. a3 Nxc3 10. Qd2 Nd5 11. axb4 Nxf4 12. exf4 Bb7 13. Be2 O-O 14. O-O
Nb6 15. Rfd1 Qd6 16. Ne5 a6 17. Rac1 Rfb8 18. Nxc4 Nxc4 19. Rxc4 Bd5 20. Rc5 Rb6
21. Rdc1 c6 22. Bc4 h6 23. Bxd5 exd5 24. g3 Qd7 25. b5 axb5 26. Re1 Rba6 27. Rc3
Ra1 28. Re3 Rxe1+ 29. Rxe1 Re8 30. Rxe8+ 1/2-1/2

[Event "Coppa del Mondo FIDE 2017"]
[Site "Tbilisi"]
[Date "03.09.2017"]
[Round "1.1"]
[White "Eljanov, Pavel"]
[Black "Lenderman, Aleksandr"]
[Result "0-1"]
[WhiteTitle "GM"]
[BlackTitle "GM"]
[WhiteElo "2734"]
[BlackElo "2565"]
[WhiteFideId "14102951"]
[BlackFideId "2021285"]
[EventDate "2017.09.03"]

1. d4 Nf6 2. c4 e6 3. Nc3 Bb4 4. Qc2 O-O 5. a3 Bxc3+ 6. Qxc3 d5 7. Bg5 dxc4 8.
Qxc4 b6 9. Rc1 Ba6 10. Qa4 Qd7 11. Qxd7 Nbxd7 12. Bxf6 Nxf6 13. e3 Bxf1 14. Kxf1
Rfc8 15. Rc6 Nd5 16. Nf3 Ne7 17. Rc2 f6 18. Ke2 Kf7 19. Rhc1 c6 20. Ne1 Ke8 21.
Nd3 Kd7 22. g4 g5 23. h4 h6 24. Rh1 Rh8 25. e4 Ng6 26. h5 Ne7 27. Ke3 Rhf8 28.
f3 a5 29. Rhc1 Ra7 30. Rc3 Rg8 31. b3 Rf8 32. Nb2 Re8 33. Nc4 Ra6 34. Kf2 Rd8
35. Rd3 Ke8 36. e5 f5 37. Nd6+ Kf8 38. d5 cxd5 39. Rc7 b5 40. Nxb5 Rc6 41. Nd4
Rxc7 42. Nxe6+ Kf7 43. Nxc7 d4 44. Nb5 Rd5 45. e6+ Kf6 46. Nxd4 Rd6 47. b4 axb4
48. axb4 f4 49. b5 Ke5 50. Rd2 Kf6 51. Ke1 Nd5 52. Re2 Ne3 53. e7 Kf7 54. Rd2
Rxd4 55. Rb2 Rd7 56. b6 Rb7 57. Ke2 Nd5 0-1

[Event "Coppa del Mondo FIDE 2017"]
[Site "Tbilisi"]
[Date "03.09.2017"]
[Round "1.1"]
[White "Bacallao Alonso, Yusnel"]
[Black "Fedoseev, Vladimir3"]
[Result "1-0"]
[WhiteTitle "GM"]
[BlackTitle "GM"]
[WhiteElo "2573"]
[BlackElo "2731"]
[WhiteFideId "3507416"]
[BlackFideId "24130737"]
[EventDate "2017.09.03"]

1. e4 c6 2. Nc3 d5 3. Nf3 Nf6 4. e5 Ne4 5. Ne2 Qb6 6. d4 e6 7. Ng3 c5 8. c3 Nc6
9. Bd3 Nxg3 10. hxg3 Bd7 11. dxc5 Bxc5 12. Qe2 a5 13. Rh4 h6 14. Rb1 Rf8 15. Kf1
Be7 16. Be3 Bc5 17. Bc1 f5 18. exf6 Rxf6 19. b4 axb4 20. cxb4 Bd6 21. Be3 Qc7
22. b5 Ne5 23. Bd4 Nxd3 24. Bxf6 Nc1 25. Qe3 Ba3 26. Bc3 Nxa2 27. Bxg7 Qc2 28.
Re1 Bc1 29. Qb6 Qg6 30. Qxb7 Rd8 31. Qxd5 Qxg7 32. Qxa2 Rc8 33. Rxe6+ Kf8 34.
Re1 Bxb5+ 35. Kg1 Bd7 36. Rc4 1-0

[Event "Coppa del Mondo FIDE 2017"]
[Site "Tbilisi"]
[Date "03.09.2017"]
[Round "1.1"]
[White "Nguyen, Ngoc Truong Son"]
[Black "Adhiban, Baskaran"]
[Result "1/2-1/2"]
[WhiteTitle "GM"]
[BlackTitle "GM"]
[WhiteElo "2629"]
[BlackElo "2670"]
[WhiteFideId "12401110"]
[BlackFideId "5018471"]
[EventDate "2017.09.03"]

1. Nf3 d5 2. d4 e6 3. c4 c6 4. e3 Bd6 5. b3 f5 6. Bd3 Nf6 7. O-O O-O 8. Ba3 b6
9. Qc1 a5 10. Nbd2 Ba6 11. Ne5 c5 12. Ndf3 Nbd7 13. Rd1 Rc8 14. Nxd7 Qxd7 15.
dxc5 1/2-1/2

[Event "Coppa del Mondo FIDE 2017"]
[Site "Tbilisi"]
[Date "03.09.2017"]
[Round "1.1"]
[White "Areshchenko, Alexander"]
[Black "Demchenko, Anton"]
[Result "1-0"]
[WhiteTitle "GM"]
[BlackTitle "GM"]
[WhiteElo "2645"]
[BlackElo "2650"]
[WhiteFideId "14109530"]
[BlackFideId "4160258"]
[EventDate "2017.09.03"]

1. e4 c5 2. Nf3 d6 3. Bb5+ Nd7 4. O-O Nf6 5. Re1 a6 6. Bf1 b6 7. c4 Bb7 8. Nc3
e6 9. d4 cxd4 10. Nxd4 Be7 11. f3 O-O 12. Be3 Qc7 13. Rc1 Rac8 14. Qd2 Qb8 15.
b3 Rfe8 16. Kh1 Bd8 17. Bg1 Bc7 18. Nc2 Ne5 19. Rcd1 Red8 20. Qe3 Ng6 21. Qf2 h5
22. Na4 b5 23. Nb6 Bxb6 24. Qxb6 d5 25. exd5 exd5 26. Nb4 dxc4 27. Rxd8+ Rxd8
28. bxc4 bxc4 29. Nxa6 Bxa6 30. Qxa6 c3 31. Qa3 c2 32. Bd3 Nf4 33. Bxc2 Nxg2 34.
Rb1 Qc8 35. Rc1 Qh3 36. Rd1 Re8 37. Rd2 Nh4 38. Qd3 Nxf3 39. Re2 Rxe2 40. Qxe2
Nxg1 41. Kxg1 g6 42. Bb3 Qf5 43. Qf2 Qe5 44. Qg3 Qa1+ 45. Kg2 Ng4 46. Qf4 Qb2+
47. Kf1 Ne5 48. Qf2 Qb1+ 49. Qe1 Qd3+ 50. Qe2 Qc3 51. Qc2 Qa5 52. Qe4 Kg7 53.
Qd4 f6 54. h4 Qb5+ 55. Kf2 Ng4+ 56. Ke1 Qb8 57. Qd7+ Kh6 58. Qd2+ Kg7 59. Qd7+
Kh6 60. Qd2+ g5 61. hxg5+ fxg5 62. Qd4 Ne5 63. Qd5 Qb4+ 64. Ke2 Qg4+ 65. Ke3
Qf4+ 66. Ke2 Ng4 67. Qe6+ Nf6 68. a4 g4 69. Qe3 Kg5 70. a5 g3 71. a6 Ne4 72.
Qxf4+ Kxf4 73. Kf1 Nd2+ 74. Kg2 h4 75. a7 h3+ 76. Kxh3 1-0

[Event "Coppa del Mondo FIDE 2017"]
[Site "Tbilisi"]
[Date "04.09.2017"]
[Round "1.2"]
[White "So, Wesley"]
[Black "Ruiz Castillo, Joshua Daniel"]
[Result "1/2-1/2"]
[WhiteTitle "GM"]
[BlackTitle "IM"]
[WhiteElo "2792"]
[BlackElo "2377"]
[WhiteFideId "5202213"]
[BlackFideId "4400704"]
[EventDate "2017.09.03"]

1. d4 Nf6 2. c4 e6 3. g3 d5 4. Bg2 Bb4+ 5. Bd2 Be7 6. Nf3 O-O 7. O-O Nbd7 8. Qc2
c6 9. Bf4 Ne4 10. Nc3 g5 11. Be3 Nd6 12. cxd5 cxd5 13. Rfd1 b6 14. Ne5 Bb7 15.
Qa4 Nb8 16. Rac1 f6 17. Bh3 f5 18. Bg2 Nf7 19. Nb5 Qe8 20. Qb3 Na6 21. Nc7 Nxc7
22. Rxc7 Nxe5 23. dxe5 Rb8 24. Rdc1 Rf7 25. Bd2 Rc8 26. Rxc8 Bxc8 27. Rc7 Bc5
28. Rxf7 Qxf7 29. Qa4 Qd7 30. Qxd7 Bxd7 31. Bxg5 Bd4 1/2-1/2

[Event "Coppa del Mondo FIDE 2017"]
[Site "Tbilisi"]
[Date "04.09.2017"]
[Round "1.2"]
[White "El Gindy, Essam"]
[Black "Grischuk, Alexander"]
[Result "0-1"]
[WhiteTitle "GM"]
[BlackTitle "GM"]
[WhiteElo "2455"]
[BlackElo "2788"]
[WhiteFideId "10600140"]
[BlackFideId "4126025"]
[EventDate "2017.09.03"]

1. d4 Nf6 2. c4 g6 3. Nc3 d5 4. Nf3 Bg7 5. h4 c6 6. cxd5 cxd5 7. Bf4 Nc6 8. e3
O-O 9. Ne5 Nxe5 10. Bxe5 Ne4 11. Bxg7 Kxg7 12. Bd3 Nxc3 13. bxc3 h5 14. Qb3 b6
15. O-O Bg4 16. f3 Be6 17. Qb2 Rc8 18. Rac1 Rc7 19. e4 dxe4 20. fxe4 Bc4 21.
Rcd1 e5 22. Bxc4 Rxc4 23. Qb5 Qc7 24. Rd3 a6 25. Qd5 Re8 26. dxe5 Re7 27. Qd6
Rxe4 28. Qf6+ Kh7 29. Rdf3 Qc5+ 30. Kh1 R4xe5 31. Rd1 Qc7 32. Rdf1 Re1 33. Qd4
Rxf1+ 34. Rxf1 Re6 35. Qf4 Qxf4 36. Rxf4 Kg7 37. Kh2 Rc6 38. c4 Kf8 39. Kg3 Ke7
40. Rd4 Rd6 41. Re4+ Re6 42. Rd4 Re3+ 43. Kf2 Ra3 44. Rd2 Rc3 45. Rb2 Rxc4 46.
Rxb6 Rc2+ 47. Kf3 Rxa2 48. g3 Ra1 49. Kf2 a5 50. Ra6 a4 51. Ke3 a3 52. Kf2 Kd7
53. Kg2 Kc8 54. Ra7 Kb8 55. Ra4 Kb7 56. Rb4+ Kc6 57. Rb3 Ra2+ 58. Kh3 f6 59. Rf3
Kb5 60. Rxf6 Rc2 0-1

[Event "Coppa del Mondo FIDE 2017"]
[Site "Tbilisi"]
[Date "04.09.2017"]
[Round "1.2"]
[White "Mchedlishvili, Mikheil"]
[Black "Inarkiev, Ernesto"]
[Result "1/2-1/2"]
[WhiteTitle "GM"]
[BlackTitle "GM"]
[WhiteElo "2607"]
[BlackElo "2694"]
[WhiteFideId "13600966"]
[BlackFideId "4162722"]
[EventDate "2017.09.03"]

1. d4 Nf6 2. c4 e6 3. Nc3 Bb4 4. e3 O-O 5. Ne2 d5 6. a3 Be7 7. cxd5 exd5 8. Nf4
c6 9. Bd3 Na6 10. O-O Nc7 11. f3 c5 12. dxc5 Bxc5 13. b4 Bd6 14. Kh1 Re8 15. Bd2
Be5 16. Nfe2 Ne6 17. Rc1 d4 18. Nb5 dxe3 19. Bxe3 a6 20. Nbc3 Bd7 21. Bb1 Bc6
22. Ba2 Qc7 23. Bg1 Rad8 24. Qb3 Rd3 25. Qb1 Rd2 26. Rc2 1/2-1/2

[Event "Coppa del Mondo FIDE 2017"]
[Site "Tbilisi"]
[Date "04.09.2017"]
[Round "1.2"]
[White "Adhiban, Baskaran"]
[Black "Nguyen, Ngoc Truong Son"]
[Result "1/2-1/2"]
[WhiteTitle "GM"]
[BlackTitle "GM"]
[WhiteElo "2670"]
[BlackElo "2629"]
[WhiteFideId "5018471"]
[BlackFideId "12401110"]
[EventDate "2017.09.03"]

1. d4 Nf6 2. c4 e6 3. g3 d5 4. Bg2 Bb4+ 5. Nd2 O-O 6. Nf3 b6 7. O-O Bb7 8. b3
Nbd7 9. Bb2 Ne4 10. Rc1 Rb8 11. Qc2 Nxd2 12. Nxd2 Qe7 13. e3 Rfc8 14. cxd5 exd5
15. Nf3 Bd6 16. Rfd1 Qe6 17. Ng5 Qg6 18. Qxg6 hxg6 19. Nf3 f6 20. h4 Re8 21. Rc2
Nf8 22. Bf1 Ne6 23. Bb5 Re7 24. Kg2 Kf7 25. Rh1 Rh8 26. Rcc1 Nd8 27. Nd2 Ne6 28.
Nf3 Nd8 29. a4 a5 30. Ra1 Ne6 31. Rhc1 Rc8 32. Rc2 c5 33. Ba3 Rec7 34. Rac1 1/2-1/2

[Event "Coppa del Mondo FIDE 2017"]
[Site "Tbilisi"]
[Date "04.09.2017"]
[Round "1.2"]
[White "Motylev, Alexander"]
[Black "Xiong, Jeffery"]
[Result "1-0"]
[WhiteTitle "GM"]
[BlackTitle "GM"]
[WhiteElo "2668"]
[BlackElo "2633"]
[WhiteFideId "4121830"]
[BlackFideId "2047640"]
[EventDate "2017.09.03"]

1. e4 e5 2. Nf3 Nc6 3. Bb5 Nf6 4. O-O Nxe4 5. Re1 Nd6 6. Nxe5 Be7 7. Bf1 Nxe5 8.
Rxe5 O-O 9. Nc3 Ne8 10. Nd5 Bd6 11. Re1 c6 12. Ne3 Be7 13. c4 Nc7 14. d4 d5 15.
cxd5 Bb4 16. Bd2 Bxd2 17. Qxd2 Nxd5 18. Nxd5 Qxd5 19. Re5 Qd6 20. Bc4 Bd7 21.
Rae1 Rae8 22. Qe3 Rxe5 23. dxe5 Qb4 24. b3 Qb6 25. Qxb6 axb6 26. Rd1 Bf5 27. a4
Re8 28. f4 Kf8 29. Kf2 Ke7 30. h3 h5 31. Kg3 Ra8 32. Kh4 Ra5 33. Kxh5 Rc5 34. g4
Be6 35. Bxe6 Kxe6 36. Rd6+ Ke7 37. Rd3 b5 38. axb5 Rxb5 39. Kg5 Ke6 40. Rd6+ Ke7
41. Rd3 c5 42. f5 Ke8 43. Re3 Rb6 44. f6 Re6 45. fxg7 Rg6+ 46. Kf5 Rxg7 47. h4
Rg6 48. h5 Rc6 49. e6 Ke7 50. exf7+ Kxf7 51. g5 b5 52. g6+ Kg7 53. Kg5 Rc8 54.
h6+ Kh8 55. h7 1-0

[Event "Coppa del Mondo FIDE 2017"]
[Site "Tbilisi"]
[Date "04.09.2017"]
[Round "1.2"]
[White "Kravtsiv, Martyn"]
[Black "Kovalenko, Igor"]
[Result "1/2-1/2"]
[WhiteTitle "GM"]
[BlackTitle "GM"]
[WhiteElo "2670"]
[BlackElo "2634"]
[WhiteFideId "14113147"]
[BlackFideId "14117908"]
[EventDate "2017.09.03"]

1. d4 f5 2. Nf3 Nf6 3. g3 g6 4. Bg2 Bg7 5. O-O O-O 6. c4 d6 7. Nc3 c6 8. d5 Qe8
9. e4 fxe4 10. Ng5 Bg4 11. Qb3 Nbd7 12. Ncxe4 Nxe4 13. Nxe4 Rb8 14. Re1 Qf7 15.
Be3 c5 16. f3 Bf5 17. Ng5 Qf6 18. g4 h6 19. Nh3 Qxb2 20. gxf5 Qxb3 21. axb3 Bxa1
22. Rxa1 Rxf5 23. Rxa7 Ne5 24. f4 Ng4 25. Bc1 Rff8 26. Nf2 Nf6 27. Bh3 Nh5 28.
Nd3 Ng7 29. Kg2 Nf5 30. Bxf5 gxf5 31. Kf3 Kf7 32. Ra5 Ra8 33. Rb5 Rfb8 34. Bb2
b6 35. b4 Ke8 36. Nf2 Kd7 37. Nd1 Kc7 38. bxc5 bxc5 39. Rxb8 Rxb8 40. Bg7 h5 41.
Ne3 Rb3 42. h4 Kd7 43. Ke2 e6 44. dxe6+ Kxe6 45. Bh6 Rb8 46. Bg5 Rf8 47. Nd5 Rf7
48. Kd3 Rh7 49. Kc3 Rh8 50. Kd3 Rh7 1/2-1/2

[Event "Coppa del Mondo FIDE 2017"]
[Site "Tbilisi"]
[Date "04.09.2017"]
[Round "1.2"]
[White "Zhigalko, Sergei"]
[Black "Kuzubov, Yuriy"]
[Result "0-1"]
[WhiteTitle "GM"]
[BlackTitle "GM"]
[WhiteElo "2642"]
[BlackElo "2688"]
[WhiteFideId "13502956"]
[BlackFideId "14112906"]
[EventDate "2017.09.03"]

1. d4 Nf6 2. c4 e6 3. Nf3 d5 4. Nc3 Nbd7 5. cxd5 exd5 6. Bf4 c6 7. e3 Nh5 8. Bg5
Be7 9. Bxe7 Qxe7 10. Qc2 Nb6 11. Ne5 g6 12. Be2 Ng7 13. O-O O-O 14. Bd3 Bf5 15.
Rab1 Bxd3 16. Qxd3 Nf5 17. b4 Rfc8 18. Rfc1 Nd6 19. a4 f6 20. Nf3 Ne4 21. Nxe4
dxe4 22. Qb3+ Qf7 23. Nd2 Qxb3 24. Rxb3 f5 25. a5 Nd5 26. Nc4 a6 27. g3 Re8 28.
Nb6 Nxb6 29. axb6 Rad8 30. Rc5 Kf7 31. Rbc3 Re7 32. h4 Red7 33. Kf1 Rd5 34. Ke2
Ke6 35. Rxd5 cxd5 36. b5 axb5 37. Rc7 Rd7 38. Rc5 Rd6 39. Rxb5 Rc6 40. Kd2 Kd6
41. h5 gxh5 42. Rb1 Kd7 43. Rh1 Rh6 44. Rh4 Kc6 45. Kc3 Kxb6 46. Kb4 Kc6 47. Rf4
h4 48. gxh4 Rf6 49. Ka4 b6 50. Kb4 b5 51. h5 Rf8 52. Ka5 h6 53. f3 Rf7 54. Kb4
Rf6 55. Ka5 Rf8 56. Kb4 Kb6 57. Kb3 Kc7 58. Kb4 Kd6 59. fxe4 dxe4 60. Kxb5 Ke6
61. Rf1 f4 62. exf4 Kd5 63. Kb4 Kxd4 64. Rd1+ Ke3 65. Rd6 Kf2 66. Rxh6 e3 67.
Re6 e2 68. Kc5 Rxf4 0-1

[Event "Coppa del Mondo FIDE 2017"]
[Site "Tbilisi"]
[Date "04.09.2017"]
[Round "1.2"]
[White "Bluebaum, Matthias"]
[Black "Mareco, Sandro"]
[Result "1-0"]
[WhiteTitle "GM"]
[BlackTitle "GM"]
[WhiteElo "2633"]
[BlackElo "2649"]
[WhiteFideId "24651516"]
[BlackFideId "112275"]
[EventDate "2017.09.03"]

1. d4 d5 2. c4 dxc4 3. e3 Nf6 4. Bxc4 e6 5. Nf3 a6 6. O-O c5 7. Qe2 cxd4 8. Rd1
Nc6 9. exd4 Be7 10. a3 O-O 11. Nc3 Nd5 12. Ba2 Re8 13. Qe4 Bf6 14. h4 Nce7 15.
Ng5 Bxg5 16. Bxg5 Qd6 17. h5 h6 18. Bxe7 Nxe7 19. Bb1 f5 20. Qe5 Qxe5 21. dxe5
g5 22. Na4 Nc6 23. Nb6 Rb8 24. Ba2 Nxe5 25. Re1 Nf7 26. Rac1 Kf8 27. Rc7 f4 28.
Bb3 Nd6 29. Rd1 Nf5 30. Ba4 Re7 31. Rxc8+ Rxc8 32. Nxc8 Rc7 33. Rd8+ Kg7 34. Nd6
Rc1+ 35. Kh2 Nh4 36. Ne4 b5 37. Rd7+ Kf8 38. Bb3 Re1 39. Nc5 Re2 40. Nxe6+ Ke8
41. Rh7 Rxf2 42. Bd5 Rc2 43. Be4 Rc1 44. Bg6+ 1-0

[Event "Coppa del Mondo FIDE 2017"]
[Site "Tbilisi"]
[Date "05.09.2017"]
[Round "1.3"]
[White "Bacrot, Etienne"]
[Black "Fier, Alexandr"]
[Result "1-0"]
[WhiteTitle "GM"]
[BlackTitle "GM"]
[WhiteElo "2728"]
[BlackElo "2569"]
[WhiteFideId "605506"]
[BlackFideId "2107139"]
[EventDate "2017.09.03"]

1. e4 c6 2. d4 d5 3. exd5 cxd5 4. Bd3 Nc6 5. c3 Nf6 6. Bf4 Bg4 7. Qb3 Na5 8.
Qa4+ Bd7 9. Qc2 e6 10. Nf3 Qb6 11. O-O Bb5 12. Bxb5+ Qxb5 13. Nbd2 Be7 14. Rae1
Rc8 15. Ne5 Nc6 16. Qb1 Nxe5 17. Bxe5 O-O 18. Re3 g6 19. Bf4 Rfe8 20. Rfe1 Bf8
21. h4 Nh5 22. Bg5 Bg7 23. g4 Nf6 24. Bxf6 Bxf6 25. g5 Bg7 26. f4 Qd7 27. Nf3 b5
28. b4 a5 29. bxa5 Qc7 30. Ne5 Qxa5 31. Qb3 Rc7 32. Rf1 Rec8 33. Rff3 Qa4 34.
Qxa4 bxa4 35. Kf1 Rb8 36. Ng4 Rb1+ 37. Re1 Rb2 38. Re2 a3 39. Rd3 Rcb7 40. Rd1
Kf8 41. Ke1 Ke7 42. Nf2 Rxe2+ 43. Kxe2 Rb2+ 44. Rd2 Rb1 45. Rd1 Rb2+ 46. Rd2 h6
47. Nd3 Rb8 48. Rd1 f6 49. Rg1 Kf7 50. Kd2 hxg5 51. hxg5 Rh8 52. Kc2 Rh3 53.
gxf6 Kxf6 54. Ne5 Kf5 55. Nxg6 Bf6 56. Rg2 Bd8 57. Ne5 Kxf4 58. Rf2+ Ke4 59.
Re2+ Kf5 60. Nc6 Bg5 61. Re5+ Kf6 62. Nd8 Re3 63. Rxe3 Bxe3 64. Nc6 Kf5 65. Kb3
Bc1 66. Nb4 Ke4 67. Na6 Kf5 68. Nc5 Bd2 69. Nd3 Ke4 70. Kc2 Bh6 71. Nc5+ Kf5 72.
Nd7 Bf4 73. Kb3 Bd2 74. Ne5 Ke4 75. Nc6 Kd3 76. Nb4+ Ke4 77. Nc2 Kd3 78. Nb4+
Ke4 79. Kc2 Bh6 80. Nc6 Bf4 81. Kb3 Bd2 82. Na7 e5 83. dxe5 Kxe5 84. Nb5 Ke4 85.
Kxa3 Bg5 86. Kb3 Ke5 87. a4 Ke6 88. Kb4 Be7+ 89. Ka5 Bd8+ 90. Ka6 Kd7 91. a5 Kc8
92. Nd4 Bh4 93. Kb6 Bd8+ 94. Kb5 Kb7 95. a6+ Ka8 96. Ne6 Bh4 97. Nc7+ Ka7 98.
Nxd5 Bf2 99. c4 Bg1 100. Nb4 Bf2 101. Nc6+ Ka8 102. Ne7 Ka7 103. Nc8+ Kb8 104.
Nd6 Ka7 105. Ne4 Be3 106. c5 Bd4 107. c6 Be5 108. Nc5 Bg3 109. Ne4 Bh2 110. Nc3
Bg3 111. Nd5 Kb8 112. Kc5 Kc8 113. a7 Bf2+ 114. Kd6 1-0

[Event "Coppa del Mondo FIDE 2017"]
[Site "Tbilisi"]
[Date "05.09.2017"]
[Round "1.8"]
[White "Jobava, Baadur"]
[Black "Salgado Lopez, Ivan"]
[Result "1-0"]
[WhiteTitle "GM"]
[BlackTitle "GM"]
[WhiteElo "2702"]
[BlackElo "2627"]
[WhiteFideId "13601520"]
[BlackFideId "2257327"]
[EventDate "2017.09.03"]

1. e4 e5 2. Nf3 Nf6 3. d3 Nc6 4. c3 d5 5. Qc2 a5 6. a4 Bc5 7. Be2 O-O 8. O-O h6
9. h3 Be6 10. Re1 dxe4 11. dxe4 Qe7 12. Na3 Rad8 13. Bb5 Nd7 14. Be3 Bxe3 15.
Rxe3 f6 16. Bc4 Bxc4 17. Nxc4 Qe6 18. Na3 Ne7 19. Rd1 Nc5 20. b4 Rxd1+ 21. Qxd1
axb4 22. cxb4 Na6 23. b5 Nc5 24. Qc2 b6 25. a5 Ra8 26. Nc4 bxa5 27. Ncxe5 Nd7
28. Nxd7 Qxd7 29. Qc4+ Kh7 30. e5 Qd5 31. Qxc7 Qd1+ 32. Re1 Qd8 33. Qxd8 Rxd8
34. exf6 Nd5 35. Rd1 a4 36. f7 a3 37. Ne5 a2 38. Nd7 1-0

[Event "Coppa del Mondo FIDE 2017"]
[Site "Tbilisi"]
[Date "07.09.2017"]
[Round "2.2"]
[White "Carlsen, Magnus"]
[Black "Dreev, Aleksey"]
[Result "1-0"]
[WhiteTitle "GM"]
[BlackTitle "GM"]
[WhiteElo "2827"]
[BlackElo "2648"]
[WhiteFideId "1503014"]
[BlackFideId "4100107"]
[EventDate "2017.09.03"]

1. e4 c5 2. Nf3 d6 3. Bb5+ Nd7 4. a4 Nf6 5. Nc3 g6 6. a5 Bg7 7. a6 O-O 8. O-O e6
9. d3 Qb6 10. axb7 Bxb7 11. Re1 Rfd8 12. Ba4 h6 13. h3 d5 14. e5 Nh7 15. Bxd7
Rxd7 16. d4 cxd4 17. Ne2 d3 18. Qxd3 d4 19. Nexd4 g5 20. c3 Nf8 21. Nh2 Ng6 22.
Qg3 Nh4 23. Nhf3 Nxf3+ 24. Nxf3 Rd3 25. h4 gxh4 26. Qxh4 Bxf3 27. gxf3 Rxf3 28.
Bxh6 f5 29. Bxg7 Kxg7 30. Kh1 1-0

[Event "Coppa del Mondo FIDE 2017"]
[Site "Tbilisi"]
[Date "09.09.2017"]
[Round "3.1"]
[White "Vallejo Pons, Francisco"]
[Black "So, Wesley"]
[Result "0-1"]
[WhiteTitle "GM"]
[BlackTitle "GM"]
[WhiteElo "2716"]
[BlackElo "2792"]
[WhiteFideId "2205530"]
[BlackFideId "5202213"]
[EventDate "2017.09.03"]

1. e4 c6 2. d4 d5 3. e5 Bf5 4. g4 Be4 5. f3 Bg6 6. h4 h5 7. e6 Qd6 8. exf7+ Bxf7
9. Be3 hxg4 10. fxg4 Nf6 11. Nc3 Qe6 12. Kd2 Nxg4 13. Bg5 Nf2 14. Qf3 Nxh1 15.
Qxh1 Qd6 16. Bh3 e6 17. Rf1 Be7 18. Bf4 Qb4 19. Ne2 Nd7 20. a3 Qxb2 21. Rb1 Qxa3
22. Rxb7 Qa6 23. Qb1 Rxh4 24. Bf1 Rxf4 25. Nxf4 Qa5 26. Qe1 Bg5 27. Qg3 Bh6 28.
Bd3 O-O-O 29. Rb3 e5 30. dxe5 d4 0-1

[Event "Coppa del Mondo FIDE 2017"]
[Site "Tbilisi"]
[Date "12.09.2017"]
[Round "4.1"]
[White "Rodshtein, Maxim"]
[Black "Fedoseev, Vladimir3"]
[Result "0-1"]
[WhiteTitle "GM"]
[BlackTitle "GM"]
[WhiteElo "2695"]
[BlackElo "2731"]
[WhiteFideId "2806851"]
[BlackFideId "24130737"]
[EventDate "2017.09.03"]

1. d4 Nf6 2. c4 e6 3. g3 d5 4. Bg2 Bb4+ 5. Nd2 O-O 6. Nf3 b6 7. O-O Bb7 8. a3
Be7 9. b4 c5 10. bxc5 bxc5 11. Rb1 Qc8 12. Bb2 Nbd7 13. dxc5 Nxc5 14. Qc2 Nfe4
15. Rfc1 f6 16. cxd5 Bxd5 17. Nd4 f5 18. Nxe4 fxe4 19. Qc3 Rf7 20. Qe3 Qd7 21.
Ba1 Raf8 22. f4 e5 23. fxe5 Qg4 24. Rf1 h5 25. h3 Qg6 26. Kh2 h4 27. g4 Bg5 28.
Qc3 Rxf1 29. Rxf1 Rxf1 30. Bxf1 Qf7 31. Nf5 Ne6 32. Kg1 g6 33. Nd6 Qf4 34. Bg2
Bd8 35. Nc4 e3 36. Bxd5 Qf2+ 37. Kh1 Qf1+ 38. Kh2 Bg5 39. Bxe6+ Kg7 40. Qxe3
Bxe3 41. Nxe3 Qxa1 0-1

[Event "Coppa del Mondo FIDE 2017"]
[Site "Tbilisi"]
[Date "13.09.2017"]
[Round "4.2"]
[White "Fedoseev, Vladimir3"]
[Black "Rodshtein, Maxim"]
[Result "0-1"]
[WhiteTitle "GM"]
[BlackTitle "GM"]
[WhiteElo "2731"]
[BlackElo "2695"]
[WhiteFideId "24130737"]
[BlackFideId "2806851"]
[EventDate "2017.09.03"]

1. d4 Nf6 2. Nf3 e6 3. c4 b6 4. g3 Bb7 5. Bg2 g6 6. O-O Bg7 7. Nc3 Ne4 8. Nxe4
Bxe4 9. Ne5 Bxg2 10. Kxg2 c5 11. Be3 Bxe5 12. dxe5 Qc7 13. Bd2 Nc6 14. Bc3 O-O-O
15. f4 h5 16. e3 g5 17. Kf2 h4 18. g4 gxf4 19. exf4 d6 20. exd6 Rxd6 21. Qf3
Rhd8 22. Kg1 Rd3 23. Qe4 h3 24. Rae1 Kb7 25. Re3 f5 26. gxf5 Rxe3 27. Qxe3 exf5
28. Qxh3 Rg8+ 29. Kh1 Nd4 30. Bxd4 Qc6+ 31. Qf3 cxd4 32. Qxc6+ Kxc6 33. Rg1 Re8
34. b4 b5 35. c5 Kd5 36. Rg7 d3 37. Rd7+ Kc4 38. Kg2 Kc3 39. h4 d2 0-1

[Event "Coppa del Mondo FIDE 2017"]
[Site "Tbilisi"]
[Date "14.09.2017"]
[Round "4.4"]
[White "Rapport, Richard"]
[Black "Najer, Evgeniy"]
[Result "1-0"]
[WhiteTitle "GM"]
[BlackTitle "GM"]
[WhiteElo "2675"]
[BlackElo "2694"]
[WhiteFideId "738590"]
[BlackFideId "4118987"]
[EventDate "2017.09.03"]

1. Nf3 d5 2. c4 d4 3. b4 Bg4 4. g3 Bxf3 5. exf3 e5 6. Bg2 Nd7 7. a3 a5 8. b5 Bd6
9. f4 exf4 10. Bxb7 Rb8 11. Bg2 Ngf6 12. d3 Qe7+ 13. Kf1 Nc5 14. Bc6+ Kf8 15.
Ra2 Nfd7 16. gxf4 Qf6 17. Nd2 Qxf4 18. Ne4 Qf5 19. h4 h5 20. Bg5 Ne5 21. Nxc5
Bxc5 22. Be4 Qe6 23. Bd5 Qf5 24. Be4 Qe6 25. f3 Rxb5 26. Bd5 Qd6 27. Bxf7 Rb7
28. Bd5 c6 29. Be4 Bxa3 30. Qa4 Bb4 31. f4 Rf7 32. Kg2 Ng4 33. Qxc6 Qxc6 34.
Bxc6 Ne3+ 35. Kf3 g6 36. Be4 Kg7 37. c5 Ng4 38. c6 Rc8 39. Rc1 Bc3 40. Bd5 Ne5+
41. Ke2 Nxc6 42. Bxf7 Kxf7 43. Rb1 Re8+ 44. Kf1 Re3 45. Rb6 Nb4 46. Re2 Nxd3 47.
f5 Rxe2 48. fxg6+ Kg7 49. Kxe2 Nc1+ 50. Bxc1 1-0